Loading...
| MB | 1 | 2 | 0 | 2 | 35 | 38 | 105.00 | 1 | 2 | 0.00 | 0.00 |
| DM | 1 | 1 | 0 | 0 | 25 | 58 | 80.50 | 1 | 2 | 0.00 | 0.00 |
| AW | 0 | 2 | 0 | 0 | 20 | 92 | 105.00 | 1 | 2 | 0.00 | 0.00 |
| RR | 1 | 0 | 0 | 0 | 15 | 30 | 30.00 | 0 | 1 | 0.00 | 0.00 |
| TR | 0 | 1 | 0 | 1 | 10 | 138 | 138.00 | 0 | 0 | 0.00 | 0.00 |
| AG | 0 | 1 | 0 | 1 | 10 | 130 | 130.00 | 0 | 0 | 0.00 | 0.00 |
| AR | 0 | 1 | 1 | 0 | 5 | 94 | 94.00 | 0 | 1 | 0.00 | 0.00 |
| BB | 0 | 0 | 2 | 0 | -10 | 0.00 | 0 | 0 | 0.00 | 0.00 |
| RR | Columbine school shooting | 15 | 30 |
| MB | Kristin Lavransdatter | 15 | 38 |
| DM | machine translation | 15 | 58 |
| BB | damping | -5 | 88 |
| AW | Dutch learning | 10 | 92 |
| AR | clarinet | 10 | 94 |
| AR | Antonio Vivaldi | -5 | 97 |
| DM | Obama family | 10 | 103 |
| BB | reductases | -5 | 113 |
| AW | gorgon heads | 10 | 118 |